000 00420nam a22001697a 4500
003 MPLRDC
005 20220104114231.0
008 210129b ||||| |||| 00| 0 eng d
082 _a857.46 SNA-4
100 _a不详
245 _a水浒传
_c
260 _a
_b辅新书局
_c1991
300 _b
490 _a新编儿童益智丛书. 19
650 _a话本小说及章回--水浒传
942 _cBK
_o857.46 SNA-4
999 _c5885
_d5875